[Event "Ch Czechoslovakia"]
[Site "masterchessopen.com Kosice (Czech Republic)"]
[Round "13"]
[White "Trmal Jaroslav (CZE)"]
[Black "Vesely Jaromir (CZE)"]
[Result "0-1"]
[WhiteElo "2184"]
[BlackElo "1979"]

1.d4 d5 2.c4 c6 3.Nc3 Nf6 4.e3 e6 5.Nf3 Nbd7 6.Qc2 Bd6 7.Bd2 O-O 8.O-O-O e5
9.cxd5 cxd5 10.e4 dxe4 11.Nxe4 Nxe4 12.Qxe4 Nf6 13.Qh4 e4 14.Ne5 Bf5 15.Bc3
Rc8 16.Kb1 Bxe5 17.Qg5 g6 {#R} 0-1

[Event "Ch DDR"]
[Site "masterchessopen.com Weimar (Germany)"]
[Round "16"]
[White "Golz Werner (GER)"]
[Black "Hennings Artur (GER)"]
[Result "1-0"]
[WhiteElo "2410"]
[BlackElo "2260"]

1.d4 d5 2.c4 c6 3.Nf3 Nf6 4.Nc3 e6 5.e3 Nbd7 6.Qc2 Bb4 7.a3 Bxc3+ 8.Qxc3 O-O
9.b3 Ne4 10.Qc2 f5 11.Bd3 Ng5 12.Nxg5 Qxg5 13.O-O Qh5 14.Bb2 Nf6 15.f3 Bd7
16.a4 Rae8 17.Ba3 Rf7 {#r} 1-0

[Event "Olympiad"]
[Site "masterchessopen.com Siegen (Germany)"]
[Round "7"]
[White "Petrosian Tigran V (ARM)"]
[Black "Rodriguez Orestes (ESP)"]
[Result "1-0"]
[WhiteElo "2580"]
[BlackElo "2403"]

1.d4 Nf6 2.c4 e6 3.Nf3 d5 4.Nc3 c6 5.e3 Nbd7 6.Qc2 Bd6 7.b3 e5 8.cxd5 exd4
9.Nxd4 O-O 10.dxc6 Ne5 11.Be2 bxc6 12.Bb2 Qa5 13.h3 Ng6 14.O-O-O Bb7 15.Ne6
fxe6 16.Rxd6 e5 17.Rhd1 Nd5 18.Bc4 Kh8 19.Rxg6 hxg6 20.Qxg6 {#r} 1-0

[Event "Tournament (cand.) (cat.14)"]
[Site "masterchessopen.com Montpellier (France)"]
[Round "0"]
[White "Portisch Lajos (HUN)"]
[Black "Ribli Zoltan (HUN)"]
[Result "0-1"]
[WhiteElo "2625"]
[BlackElo "2605"]

1.d4 Nf6 2.c4 e6 3.Nf3 d5 4.Nc3 c6 5.e3 Nbd7 6.Qc2 Bd6 7.b3 O-O 8.Be2 e5
9.cxd5 Nxd5 10.Nxd5 cxd5 11.dxe5 Nxe5 12.O-O { ? } ( 12.Nd4 { P } ) 12...Nxf3+
13.Bxf3 Qh4 14.h3 ( 14.g3 Qf6 15.Bxd5 Bf5 { ! } 16.Qe2 Be5 { ^20 } ) 14...Bxh3
{ ! } 15.Rd1 Bh2+ { ! } 16.Kf1 Qf6 17.Bxd5 ( 17.Bb2 Qxf3 18.gxh3 Qxh3+ { ^20 }
) 17...Bf5 18.e4 Bg4 19.Ba3 Qa6+ {#R} 0-1

[Event "It"]
[Site "masterchessopen.com Czechoslovakia"]
[Round "0"]
[White "Simek Petr (CZE)"]
[Black "Stluka Petr (CZE)"]
[Result "1-0"]
[WhiteElo "2301"]
[BlackElo "2209"]

1.d4 d5 2.c4 c6 3.Nc3 Nf6 4.e3 e6 5.Nf3 Nbd7 6.Qc2 Bd6 7.Be2 O-O 8.O-O Qc7
9.a3 dxc4 10.Bxc4 e5 11.h3 exd4 12.exd4 a6 13.Bg5 h6 14.Bxh6 Nb6 15.Qg6 {#r}
1-0

[Event "corr."]
[Site "masterchessopen.com Czechoslovakia"]
[Round "0"]
[White "Bujnoch Radek (CZE)"]
[Black "Sykora Josef (CZE)"]
[Result "1-0"]
[WhiteElo "2203"]
[BlackElo "2143"]

1.d4 d5 2.c4 c6 3.Nf3 e6 4.Qc2 Nf6 5.e3 Nbd7 6.Nc3 Bd6 7.Be2 O-O 8.b3 Re8
9.O-O dxc4 10.bxc4 e5 11.Bb2 e4 12.Nd2 Qe7 13.Rfe1 Nf8 14.f3 exf3 15.Bxf3 Ng4
16.Nf1 Qg5 17.e4 c5 18.e5 cxd4 19.Ne4 Qg6 20.exd6 {#r} 1-0

[Event "It (open)"]
[Site "masterchessopen.com Karvina (Czech Republic)"]
[Round "3"]
[White "Polak Tomas (CZE)"]
[Black "Houser Pavel (CZE)"]
[Result "1-0"]
[WhiteElo "2410"]
[BlackElo "2267"]

1.d4 d5 2.c4 e6 3.Nf3 c6 4.e3 Nd7 5.Nc3 Ngf6 6.Qc2 Bd6 7.b3 O-O 8.Be2 dxc4
9.bxc4 e5 10.O-O Re8 11.h3 e4 12.Ng5 Qe7 13.c5 Bxc5 14.Bc4 Nd5 15.Ncxe4 Bb6
16.a4 h6 17.Ba3 Qd8 18.Nxf7 Qh4 19.Ned6 {#r} 1-0

[Event "Ch ACT "]
[Site "masterchessopen.com Canberra (Australia)"]
[Round "0"]
[White "Rout Ian"]
[Black "Telfer Kenneth (AUS)"]
[Result "1-0"]
[WhiteElo "1902"]
[BlackElo "2100"]

1.d4 Nf6 2.c4 c6 3.Nf3 d5 4.e3 e6 5.Nc3 Nbd7 6.Qc2 Bd6 7.g4 Nxg4 8.Rg1 h5 9.h3
Qf6 10.hxg4 Qxf3 11.Be2 Qf6 12.gxh5 b6 13.Bd2 Bb7 14.O-O-O c5 15.Nb5 Bb8
16.Bc3 cxd4 17.Nxd4 dxc4 18.Nxe6 {#r} 1-0

[Event "Bundesliga (2nd) East 1992/93"]
[Site "masterchessopen.com Germany"]
[Round "0"]
[White "Braun Christian (GER)"]
[Black "Katz Roland (GER)"]
[Result "0-1"]
[WhiteElo "2392"]
[BlackElo "2115"]

1.d4 c6 2.c4 d5 3.Nf3 Nf6 4.Nc3 e6 5.e3 Nbd7 6.Qc2 Be7 7.g4 dxc4 8.Bxc4 b6
9.g5 Nd5 10.Rg1 Bb7 11.Ne5 Nxc3 12.Nxf7 Kxf7 13.Qf5+ Ke8 14.Bxe6 Rf8 15.Qxh7
Ne5 16.bxc3 Nf3+ 17.Kf1 Qd6 18.Qg6+ Kd8 19.c4 Ba6 20.Qe4 Qxh2 {#R} 0-1

[Event "It (open)"]
[Site "masterchessopen.com New York (USA)"]
[Round "2"]
[White "Fedorowicz John P (USA)"]
[Black "Vucic Mladen (USA)"]
[Result "1-0"]
[WhiteElo "2545"]
[BlackElo "2328"]

1.d4 d5 2.c4 c6 3.Nf3 Nf6 4.e3 e6 5.Qc2 Nbd7 6.Nc3 Bd6 7.g4 Nxg4 8.Rg1 Qf6
9.Rxg4 Qxf3 10.Rxg7 Nf6 11.Rg1 Ne4 12.Nxe4 Qxe4 13.Qxe4 dxe4 14.Bg2 f5 15.f3
h5 16.Bh1 exf3 17.Bxf3 h4 18.h3 Bd7 19.Bd2 {#r} 1-0

[Event "Ch Switzerland (team)"]
[Site "masterchessopen.com Switzerland"]
[Round "0"]
[White "Goldstern Flip (NED)"]
[Black "Staechelin Ruedi (SUI)"]
[Result "1-0"]
[WhiteElo "2319"]
[BlackElo "2089"]

1.c4 c6 2.Nf3 d5 3.e3 Nf6 4.Nc3 e6 5.d4 Nbd7 6.Qc2 Be7 7.Be2 O-O 8.O-O dxc4
9.Bxc4 c5 10.Rd1 cxd4 11.exd4 Nb6 12.Bb3 Nbd5 13.Bg5 b6 14.Bxf6 Bxf6 15.Nxd5
exd5 16.Re1 Bb7 17.Qf5 Qd6 18.Ne5 Bc8 19.Nxf7 Rxf7 20.Qxd5 {#r} 1-0

[Event "It (open)"]
[Site "masterchessopen.com Bellheim (Germany)"]
[Round "0"]
[White "Guthmann Andreas Dr (GER)"]
[Black "Wintergerst Johannes (GER)"]
[Result "1-0"]
[WhiteElo "1957"]
[BlackElo "2078"]

1.d4 d5 2.c4 e6 3.Nc3 Nf6 4.Nf3 Nbd7 5.e3 c6 6.Qc2 Bd6 7.b3 O-O 8.Bb2 Re8
9.Be2 Qc7 10.O-O dxc4 11.Bxc4 Nb6 12.Bd3 e5 13.dxe5 Bxe5 14.Nxe5 Qxe5 15.Ne4
{#r} 1-0

[Event "Ch Poland (juniors) (under 18)"]
[Site "masterchessopen.com Brzeg Dolny (Poland)"]
[Round "3"]
[White "Swol Michal (POL)"]
[Black "Jakubowski Tomasz (POL)"]
[Result "1-0"]
[WhiteElo "2248"]
[BlackElo "2180"]

1.d4 d5 2.c4 c6 3.Nf3 Nf6 4.Nc3 e6 5.e3 Nbd7 6.Qc2 Bd6 7.Be2 O-O 8.O-O Re8
9.Rd1 Qe7 10.a3 dxc4 11.Bxc4 e5 12.Ng5 Nd5 13.Qxh7+ {#r} 1-0

[Event "It (open)"]
[Site "masterchessopen.com Haarlem (Netherlands)"]
[Round "4"]
[White "Wawrowski Zbigniew (POL)"]
[Black "Tyszkiewicz Zbigniew (POL)"]
[Result "1-0"]
[WhiteElo "2167"]
[BlackElo "2068"]

1.d4 d5 2.c4 c6 3.Nf3 Nf6 4.Nc3 e6 5.e3 Nbd7 6.Qc2 Bd6 7.g4 Nxg4 8.Rg1 Qf6
9.Rxg4 Qxf3 10.Rxg7 Nf8 11.Rg1 Ng6 12.e4 dxc4 13.e5 Be7 14.Be3 b5 15.Bg2 Qh5
16.Bxc6+ Bd7 17.Bxa8 O-O 18.Be4 {#r} 1-0

[Event "It (open)"]
[Site "masterchessopen.com Muenster (Germany)"]
[Round "9"]
[White "Giorgadze Giorgi (GEO)"]
[Black "Menk Rolf (GER)"]
[Result "1-0"]
[WhiteElo "2605"]
[BlackElo "2179"]

1.d4 d5 2.c4 c6 3.Nc3 Nf6 4.e3 e6 5.Nf3 Nbd7 6.Qc2 Bd6 7.Be2 dxc4 8.a4 O-O
9.Bxc4 e5 10.O-O a5 11.b3 exd4 12.exd4 h6 13.Bxh6 gxh6 14.Qg6+ Kh8 15.Qxh6+
Kg8 16.Ng5 Bf4 17.Nce4 Bxg5 18.Nxg5 Nb6 19.Qg6+ Kh8 20.Bxf7 {#r} 1-0

[Event "Ch Ukraine"]
[Site "masterchessopen.com Ukraine"]
[Round "0"]
[White "Krivoshey Sergei (UKR)"]
[Black "Feygin Michail (GER)"]
[Result "1-0"]
[WhiteElo "2420"]
[BlackElo "2460"]

1.d4 d5 2.c4 c6 3.Nc3 Nf6 4.e3 e6 5.Nf3 Nbd7 6.Qc2 Bd6 7.g4 h6 8.Bd2 e5 9.cxd5
cxd5 10.Nb5 Bb8 11.Bb4 Nxg4 12.h3 e4 13.hxg4 exf3 14.Rh5 g5 15.Rc1 Nb6 16.Qc5
Be6 17.Rxh6 Rxh6 18.Nc7+ Qxc7 19.Bb5+ {#r} 1-0

[Event "Ch SJP (juniors) (under 20)"]
[Site "masterchessopen.com Bad Duerkheim (Germany)"]
[Round "0"]
[White "Weber Dominik (GER)"]
[Black "Smeyts Peter"]
[Result "1-0"]
[WhiteElo "2097"]
[BlackElo "1929"]

1.d4 d5 2.c4 e6 3.Nc3 Nf6 4.Nf3 c6 5.e3 Nbd7 6.Qc2 a6 7.Bd2 b5 8.cxb5 cxb5
9.Bxb5 axb5 10.Nxb5 Rb8 11.Nc7+ Ke7 12.Ba5 Rb6 13.Ne5 Bb7 14.Rc1 Rg8 15.Bxb6
Nxb6 16.Qc5+ Qd6 17.Qxd6+ Kxd6 18.Nb5+ Ke7 19.Rc7+ {#r} 1-0

[Event "Ch Russia (club) (1 liga)"]
[Site "masterchessopen.com Orel (Russia)"]
[Round "4"]
[White "Chekhov Valery A (RUS)"]
[Black "Filipenko Alexander V (RUS)"]
[Result "1-0"]
[WhiteElo "2535"]
[BlackElo "2430"]

1.c4 c6 2.Nf3 d5 3.d4 Nf6 4.Nc3 e6 5.e3 Nbd7 6.Qc2 Bd6 7.Be2 b6 8.O-O Bb7
9.Rd1 Qe7 10.b3 O-O 11.Bb2 Ba3 12.Bxa3 Qxa3 13.Rd2 Rfd8 14.Rad1 Qe7 15.h3 c5
16.cxd5 Nxd5 17.Nxd5 exd5 18.Qb2 a5 19.Bb5 Nf6 20.Rc2 Qe4 {#r} 1-0

[Event "Ch Mittelfranken North (HT)"]
[Site "masterchessopen.com Roethenbach (Germany)"]
[Round "4"]
[White "Rohrbach Frank (GER)"]
[Black "Schaeffner Claus (GER)"]
[Result "0-1"]
[WhiteElo "2206"]
[BlackElo "2165"]

1.d4 d5 2.c4 c6 3.Nf3 Nf6 4.Nc3 e6 5.e3 Nbd7 6.Qc2 Bd6 7.Bd2 O-O 8.h3 Qe7 9.g4
dxc4 10.g5 Nd5 11.Bxc4 Re8 12.h4 Nb4 13.Qe4 e5 14.g6 hxg6 15.Ng5 Nf6 16.Qxg6
Be6 17.Bxe6 Qxe6 18.Nce4 fxg6 {#R} 0-1

[Event "Ch Europe (railways)"]
[Site "masterchessopen.com Balatonfoldrar (Hungary)"]
[Date "1996.05.22"]
[Round "3"]
[White "Benoit Michel (FRA)"]
[Black "Kallai Gabor (HUN)"]
[Result "0-1"]
[WhiteElo "2205"]
[BlackElo "2500"]

1.Nf3 d5 2.e3 Nf6 3.c4 c6 4.Nc3 e6 5.d4 Nbd7 6.Qc2 Bd6 7.Be2 O-O 8.O-O Qe7
9.Rd1 dxc4 10.Bxc4 e5 11.e4 exd4 12.Nxd4 Bc5 13.f3 Ne5 14.Bf1 Rd8 15.Be3 Neg4
16.fxg4 Nxg4 17.Qe2 Qd6 18.e5 Qxe5 {#R} 0-1

[Event "It (cat.18)"]
[Site "masterchessopen.com Dortmund (Germany)"]
[Round "3"]
[White "Kramnik Vladimir (RUS)"]
[Black "Ivanchuk Vassily (UKR)"]
[Result "1-0"]
[WhiteElo "2770"]
[BlackElo "2725"]

1.Nf3 Nf6 2.c4 c6 3.Nc3 d5 4.d4 e6 5.e3 Nbd7 6.Qc2 b6 7.Bd3 Bb7 8.O-O Be7 9.b3
Rc8 10.Bb2 c5 11.cxd5 cxd4 { ? } ( 11...exd5 12.Rfd1 O-O 13.Rac1 Re8 14.Bf5 g6
15.Bh3 Bf8 16.Qb1 Qe7 17.Rc2 a6 18.Na4 c4 19.Ne5 b5 { 1/2 : 1/2, Khalifman -
Dreev, Budapest 1996 } ) 12.dxe6 dxc3 13.exd7+ Nxd7 14.Bxc3 Bb4 15.Bc4 Bxf3
16.gxf3 Bxc3 17.Qxc3 Qg5+ 18.Kh1 b5 19.Qa5 {#r} 1-0

[Event "It (open)"]
[Site "masterchessopen.com Regensburg (Germany)"]
[Round "9"]
[White "Riediger Martin (GER)"]
[Black "Heinlein Reinhold (GER)"]
[Result "1-0"]
[WhiteElo "2235"]
[BlackElo "2079"]

1.Nf3 d5 2.c4 c6 3.e3 Nf6 4.Nc3 e6 5.d4 Nbd7 6.Qc2 Bd6 7.Bd3 dxc4 8.Bxc4 O-O
9.O-O e5 10.h3 h6 11.Nh4 Nb6 12.Bb3 e4 13.Nxe4 Nxe4 14.Qxe4 Re8 15.Qf3 Be6
16.Nf5 Bxb3 17.axb3 Bf8 18.e4 Qf6 19.Nxh6+ Kh7 20.Nxf7 {#r} 1-0

[Event "It (open) \"]
[Site "masterchessopen.com Zaragoza (Spain)"]
[Round "2"]
[White "Palacios Perez Manuel (ESP)"]
[Black "Jaques Burguete Raul (ESP)"]
[Result "1-0"]
[WhiteElo "2192"]
[BlackElo "2032"]

1.d4 d5 2.c4 e6 3.Nc3 c6 4.Nf3 Nf6 5.e3 Nbd7 6.Qc2 Bd6 7.Be2 O-O 8.O-O dxc4
9.Bxc4 e5 10.h3 exd4 11.exd4 Nb6 12.Bb3 h6 13.Re1 Bc7 14.Bxh6 gxh6 15.Qg6+ Kh8
16.Qxh6+ Nh7 17.Bc2 f5 18.Nh4 Qf6 19.Ng6+ Kg8 20.Bb3+ {#r} 1-0

[Event "It (open)"]
[Site "masterchessopen.com Augsburg (Germany)"]
[Date "1997.08.09"]
[Round "4"]
[White "Reichardt Peter (GER)"]
[Black "Rossmanith Alexander (GER)"]
[Result "0-1"]
[WhiteElo "1931"]
[BlackElo "2218"]

1.d4 d5 2.c4 c6 3.Nf3 Nf6 4.Nc3 e6 5.e3 Nbd7 6.Qc2 Bd6 7.Be2 O-O 8.b3 a6 9.O-O
b5 10.cxb5 cxb5 11.Bd3 Bb7 12.Bb2 Rc8 13.Qd2 Ne4 14.Bxe4 dxe4 15.Ne1 Nf6 16.f3
exf3 17.Nxf3 Bb4 18.Qd3 Qa5 19.Nd1 Be4 20.Qe2 Rc2 {#R} 0-1

[Event "Ch Russia (juniors) (under 18)"]
[Site "masterchessopen.com Kolontaevo (Russia)"]
[Round "6"]
[White "Shomoev Anton (RUS)"]
[Black "Doronenkov Andrey (RUS)"]
[Result "0-1"]
[WhiteElo "2105"]
[BlackElo "2150"]

1.Nf3 Nf6 2.c4 e6 3.Nc3 d5 4.d4 c6 5.e3 Nbd7 6.Qc2 Be7 7.Bd3 O-O 8.O-O b6 9.b3
Bb7 10.Bb2 Rc8 11.Ne5 c5 12.Nxd7 Qxd7 13.cxd5 cxd4 14.exd4 Nxd5 15.Qd2 Nxc3
{#R} 0-1

[Event "It (open)"]
[Site "masterchessopen.com Malaga (Spain)"]
[Round "2"]
[White "Del Rey Diego (ESP)"]
[Black "Nava Baro Enrique (ESP)"]
[Result "1-0"]
[WhiteElo "2360"]
[BlackElo "2191"]

1.d4 d5 2.c4 c6 3.Nf3 Nf6 4.e3 e6 5.Nc3 Nbd7 6.Qc2 Bd6 7.Bd3 O-O 8.O-O Qc7
9.h3 b6 10.e4 dxe4 11.Nxe4 Bf4 12.Bxf4 Qxf4 13.Rfe1 c5 14.dxc5 bxc5 15.Qd2 Qc7
16.Nd6 Rd8 17.Nxf7 Kxf7 18.Ng5+ Kg8 19.Nxe6 Qb6 20.Qg5 {#r} 1-0

[Event "Ch Ruhrgebiet (juniors) (under 17)"]
[Site "masterchessopen.com Muelheim (Germany)"]
[Round "0"]
[White "Bossy Arnim (GER)"]
[Black "Wyrwich Markus (GER)"]
[Result "0-1"]
[WhiteElo "2181"]
[BlackElo "2182"]

1.d4 d5 2.c4 e6 3.Nc3 c6 4.e3 Nf6 5.Nf3 Nbd7 6.Qc2 Bd6 7.Bd3 O-O 8.O-O Qe7
9.e4 dxc4 10.Bxc4 e5 11.Bg5 exd4 12.Nxd4 Bxh2+ 13.Kxh2 Ng4+ 14.Kg1 Qxg5 15.Nf3
Qh5 16.Nb1 Nde5 17.Nbd2 Rd8 {#R} 0-1

[Event "Ch Germany (seniors) (open)"]
[Site "masterchessopen.com Weilburg (Germany)"]
[Round "2"]
[White "Usachyi Mark (UKR)"]
[Black "Wild Gerhard (GER)"]
[Result "1-0"]
[WhiteElo "2245"]
[BlackElo "2044"]

1.d4 d5 2.c4 c6 3.Nc3 e6 4.Nf3 Nf6 5.e3 Nbd7 6.Qc2 Be7 7.a3 a5 8.Bd2 O-O
9.cxd5 exd5 10.Bd3 Re8 11.O-O Bd6 12.h3 h6 13.Rfe1 Nf8 14.e4 dxe4 15.Nxe4 Nxe4
16.Bxe4 Be6 17.Bc3 Bc7 18.b4 axb4 19.Bxb4 Nd7 20.Ne5 Nf6 {#r} 1-0

[Event "Cup Karacsony"]
[Site "masterchessopen.com Debrecen (Hungary)"]
[Date "1998.12.27"]
[Round "2"]
[White "Popovics Adam (HUN)"]
[Black "Gal Jozsef (HUN)"]
[Result "0-1"]
[WhiteElo "2399"]
[BlackElo "2255"]

1.d4 d5 2.c4 c6 3.Nc3 Nf6 4.e3 e6 5.Nf3 Nbd7 6.Qc2 Bd6 7.g4 h6 8.Bd2 e5 9.dxe5
Nxe5 10.Nxe5 Bxe5 11.h3 Be6 12.cxd5 Nxd5 13.O-O-O Qe7 14.Kb1 Nb4 15.Qa4 O-O
16.a3 a5 17.axb4 axb4 18.Qc2 b5 19.Nxb5 cxb5 {#R} 0-1

[Event "It (open)"]
[Site "masterchessopen.com Biel (Switzerland)"]
[Round "4"]
[White "Nemet Ivan (SUI)"]
[Black "Meyer Bernhard (SUI)"]
[Result "1-0"]
[WhiteElo "2435"]
[BlackElo "2221"]

1.d4 d5 2.Nf3 e6 3.c4 Nf6 4.Nc3 Nbd7 5.e3 c6 6.Qc2 g6 7.Bd3 Bg7 8.O-O O-O
9.Rd1 dxc4 10.Bxc4 b6 11.e4 Bb7 12.Bg5 Qc7 13.Bh4 b5 14.Bf1 b4 15.Na4 c5
16.Nd2 Rac8 17.Rac1 Ng4 18.Bg3 Bxd4 19.Bxc7 Nxf2 20.Nb3 Nh3+ {#r} 1-0

[Event "Cup Hajduboszormeny"]
[Site "masterchessopen.com Hajduboszormeny (Hungary)"]
[Round "4"]
[White "Gal Jozsef (HUN)"]
[Black "Hegedus Gyorgy (HUN)"]
[Result "1-0"]
[WhiteElo "2307"]
[BlackElo "2113"]

1.d4 d5 2.c4 c6 3.Nc3 Nf6 4.e3 e6 5.Nf3 Nbd7 6.Qc2 Bd6 7.g4 g6 8.g5 Nh5 9.Bd2
b6 10.cxd5 exd5 11.Nxd5 cxd5 12.Qc6 Rb8 13.Qxd6 b5 14.Bh3 Rb6 15.Bxd7+ {#r}
1-0

[Event "It (open)"]
[Site "masterchessopen.com Le Touquet (France)"]
[Round "9"]
[White "Legky Nikolay A (UKR)"]
[Black "Lacrosse Marc (BEL)"]
[Result "1-0"]
[WhiteElo "2496"]
[BlackElo "2218"]

1.d4 d5 2.c4 e6 3.Nc3 Nf6 4.Nf3 c6 5.e3 Nbd7 6.Qc2 Bd6 7.b3 O-O 8.Bb2 Re8
9.O-O-O Qe7 10.Kb1 b6 11.e4 Nxe4 12.Nxe4 dxe4 13.Qxe4 Bb7 14.Bd3 Nf6 15.Qh4 h6
16.Rhe1 a6 17.g4 Bf4 18.g5 hxg5 19.Nxg5 Bxg5 20.Qxg5 {#r} 1-0

[Event "Cup Russia (open)"]
[Site "masterchessopen.com Tomsk (Russia)"]
[Round "1"]
[White "Makarov Marat (RUS)"]
[Black "Glushakov Vladim (RUS)"]
[Result "1-0"]
[WhiteElo "2527"]
[BlackElo "2252"]

1.Nf3 d5 2.c4 c6 3.d4 Nf6 4.Nc3 e6 5.e3 Nbd7 6.Qc2 Bd6 7.Bd3 Qe7 8.O-O O-O
9.c5 Bc7 10.e4 dxe4 11.Nxe4 e5 12.Nxf6+ Nxf6 13.dxe5 Nd7 14.Bg5 Qxc5 15.Bxh7+
Kh8 16.Qe4 Nxe5 17.Qh4 Nxf3+ 18.gxf3 Qxg5+ 19.Qxg5 Kxh7 20.Qe7 {#r} 1-0

[Event "It (open) \"]
[Site "masterchessopen.com Warsaw (Poland)"]
[Round "0"]
[White "Jaracz Pawel (POL)"]
[Black "Stachanczyk Jacek (POL)"]
[Result "1-0"]
[WhiteElo "2477"]
[BlackElo "2186"]

1.d4 d5 2.c4 c6 3.e3 Nf6 4.Nc3 e6 5.Nf3 Nbd7 6.Qc2 Bd6 7.Be2 dxc4 8.a4 a5
9.Bxc4 O-O 10.O-O Qc7 11.h3 e5 12.Be2 Re8 13.b3 exd4 14.Nxd4 Nc5 15.Bb2 Be5
16.Nf3 Be6 17.Nb5 {#r} 1-0

[Event "It (open)"]
[Site "masterchessopen.com Wuerttemberg (Germany)"]
[Round "7"]
[White "Gerhardt Peter-Michael (GER)"]
[Black "Laengl Juergen (GER)"]
[Result "0-1"]
[WhiteElo "2153"]
[BlackElo "2248"]

1.d4 d5 2.c4 e6 3.Nc3 Nf6 4.Nf3 c6 5.e3 Nbd7 6.Qc2 a6 7.b3 Bb4 8.Bd3 Qe7 9.Bb2
O-O 10.O-O Re8 11.h3 Bd6 12.e4 dxc4 13.bxc4 e5 14.a4 Nh5 15.Ne2 exd4 16.Nfxd4
Ne5 17.Rae1 Qh4 18.Nf5 Bxf5 19.exf5 Nf3+ {#R} 0-1

[Event "Memorial V.Ciocaltea (open)"]
[Site "masterchessopen.com Bucharest (Romania)"]
[Round "3"]
[White "Ristea Tudor (ROM)"]
[Black "Buescu Neculai (ROM)"]
[Result "0-1"]
[WhiteElo "2141"]
[BlackElo "2212"]

1.d4 d5 2.c4 c6 3.Nf3 Nf6 4.Nc3 e6 5.e3 Nbd7 6.Qc2 Be7 7.Bd3 O-O 8.O-O dxc4
9.Bxc4 c5 10.dxc5 Nxc5 11.Rd1 Qc7 12.Nb5 Qb8 {#R} 0-1

[Event "Ch India (team)"]
[Site "masterchessopen.com Chennai (India)"]
[Round "4"]
[White "Prakash G B (IND)"]
[Black "Sriram Jha (IND)"]
[Result "1-0"]
[WhiteElo "2429"]
[BlackElo "2409"]

1.d4 d5 2.c4 c6 3.Nc3 Nf6 4.e3 e6 5.Nf3 Nbd7 6.Qc2 Bd6 7.Bd3 O-O 8.O-O Qe7
9.c5 Bc7 10.e4 dxe4 11.Nxe4 Nd5 12.Bd2 e5 13.Rae1 g6 14.Nd6 Bxd6 15.cxd6 Qxd6
16.dxe5 Qc5 17.Qb1 N7b6 18.Ng5 Nc4 19.Qc2 {#r} 1-0

[Event "Bundesliga (2nd) East 2000/01"]
[Site "masterchessopen.com Germany"]
[Round "1"]
[White "Dalinger Valeri (GER)"]
[Black "Berreth Marc (GER)"]
[Result "1-0"]
[WhiteElo "2309"]
[BlackElo "2119"]

1.d4 d5 2.c4 c6 3.Nf3 e6 4.e3 Nf6 5.Nc3 Nbd7 6.Qc2 Bd6 7.Be2 O-O 8.O-O Qe7
9.b3 b6 10.e4 dxe4 11.Nxe4 Nxe4 12.Qxe4 Bb7 13.Bb2 f5 14.Qe3 c5 15.Rad1 cxd4
16.Qxd4 {#r} 1-0

[Event "It"]
[Site "masterchessopen.com Madrid (Spain)"]
[Round "7"]
[White "Rojo Huerta Gabriel (ESP)"]
[Black "Gonzalez Rodriguez Jorge A (COL)"]
[Result "1-0"]
[WhiteElo "2332"]
[BlackElo "2336"]

1.Nf3 Nf6 2.c4 e6 3.d4 d5 4.Nc3 c6 5.e3 Nbd7 6.Qc2 Bd6 7.b3 Qe7 8.Bb2 dxc4
9.Bxc4 e5 10.O-O O-O 11.h3 e4 12.Nd2 Re8 13.f3 exf3 14.Rxf3 c5 15.dxc5 Bxc5
16.Nce4 Bb6 17.Raf1 Bd8 18.Ng5 {#r} 1-0

[Event "It (open)"]
[Site "masterchessopen.com Naujac (France)"]
[Round "7"]
[White "Lefebvre Herve (FRA)"]
[Black "Trabert Bettina (GER)"]
[Result "0-1"]
[WhiteElo "2164"]
[BlackElo "2259"]

1.d4 d5 2.c4 e6 3.Nc3 c6 4.e3 Nf6 5.Nf3 Nbd7 6.Qc2 Bd6 7.e4 dxe4 8.Nxe4 Nxe4
9.Qxe4 Bb4+ 10.Bd2 Bxd2+ 11.Nxd2 O-O 12.Bd3 g6 13.Nf3 e5 14.Nxe5 Nxe5 {#R} 0-1

[Event "Ch World (juniors) (under 16)"]
[Site "masterchessopen.com Oropesa (Spain)"]
[Round "8"]
[White "San Emeterio Cabanes Jose L (ESP)"]
[Black "Purnama Tirta Chandra (INA)"]
[Result "1-0"]
[WhiteElo "2232"]
[BlackElo "2104"]

1.d4 d5 2.c4 c6 3.e3 Nf6 4.Nc3 e6 5.Nf3 Nbd7 6.Qc2 Bd6 7.g4 Bb4 8.Bd2 b6 9.g5
Bxc3 10.Bxc3 Ne4 11.Bd3 Nxc3 12.Qxc3 Bb7 13.cxd5 cxd5 14.Qa3 Qe7 15.Qxe7+ Kxe7
16.Ke2 Rhc8 {#r} 1-0

[Event "It (open)"]
[Site "masterchessopen.com San Sebastian (Spain)"]
[Round "5"]
[White "Dias Paulo (POR)"]
[Black "Korneev Oleg (RUS)"]
[Result "0-1"]
[WhiteElo "2302"]
[BlackElo "2619"]

1.d4 d5 2.c4 e6 3.Nc3 c6 4.e3 Nf6 5.Nf3 Nbd7 6.Qc2 Bd6 7.e4 dxe4 8.Nxe4 Nxe4
9.Qxe4 c5 10.Qc2 O-O 11.Bd2 b6 12.Qe4 Rb8 13.Bd3 Nf6 14.Qh4 cxd4 15.Bg5 h6
16.Bxh6 gxh6 17.Qxh6 Re8 18.Nxd4 Bf8 19.Qh5 Ne4 {#R} 0-1

[Event "It (open)"]
[Site "masterchessopen.com Sevilla (Spain)"]
[Round "7"]
[White "Camacho Calle Pedro (ESP)"]
[Black "Delgado Serrano Angel (ESP)"]
[Result "0-1"]
[WhiteElo "2231"]
[BlackElo "2217"]

1.d4 Nf6 2.c4 e6 3.Nf3 d5 4.Nc3 c6 5.e3 Nbd7 6.Qc2 Bd6 7.Be2 O-O 8.O-O Qe7
9.h3 Re8 10.a3 h6 11.Rd1 dxc4 12.Bxc4 e5 13.Nh4 Nf8 14.Nf5 Bxf5 15.Qxf5 e4
16.Bd2 b5 17.Bb3 g6 {#R} 0-1

[Event "It (open)"]
[Site "masterchessopen.com Skelleftea (Sweden)"]
[Round "5"]
[White "Agrest Evgenij (SWE)"]
[Black "Tella Jussi (FIN)"]
[Result "1-0"]
[WhiteElo "2554"]
[BlackElo "2428"]

1.d4 d5 2.c4 c6 3.Nc3 Nf6 4.e3 e6 5.Nf3 Nbd7 6.Qc2 Bd6 7.g4 Bb4 8.Bd2 Qe7
9.Bd3 Nxg4 10.Rg1 f5 11.cxd5 Bxc3 12.Bxc3 cxd5 13.Qd2 Ndf6 14.Bb4 Qf7 15.h3
Ne4 16.Qc2 Ngxf2 17.Bb5+ Kd8 18.Rc1 g5 19.Rxg5 {#r} 1-0